[Event "Moravia-Silesia Region-chT 2223"]
[Site "Czech Republic"]
[Date "2022.11.13"]
[Round "3"]
[White "Samu, Pavel"]
[Black "Kadlec, Pavel"]
[Result "1-0"]
[WhiteElo "1955"]
[BlackElo "1821"]
[PlyCount "57"]
[EventDate "2022.10.09"]
[EventType "team-tourn"]
[EventRounds "11"]
[EventCountry "CZE"]
[SourceTitle "EXT 2024"]
[Source "ChessBase"]
[SourceDate "2023.10.10"]
[SourceVersion "1"]
[SourceVersionDate "2023.10.10"]
[SourceQuality "1"]
[WhiteTeam "Ostrava III"]
[BlackTeam "Koprivnice Tatra II"]
[WhiteTeamCountry "CZE"]
[BlackTeamCountry "CZE"]

1. e4 c6 2. d4 d5 3. Nc3 dxe4 4. f3 exf3 5. Nxf3 Nf6 6. Bc4 e6 7. 0-0 Be7 8. Qe1 0-0 9. Bd3 b6 10. Qh4 Ba6 11. Bxa6 Nxa6 12. Ne5 Rc8 13. Bg5 Nd5 14. Bxe7 Qxe7 15. Qe4 Nxc3 16. bxc3 c5 17. Rf3 Nb8 18. Raf1 f5 19. Qe2 Nd7 20. Re3 Rf6 21. d5 Nf8 22. Nc6 Qd7 23. c4 Rxc6 24. dxc6 Qxc6 25. Rd1 Rf7 26. Rd8 Rd7 27. Rxe6 Qc7 28. Rxf8+ Kxf8 29. Re8+ 1-0

[Event "Ostrava op"]
[Site "Ostrava"]
[Date "2010.05.09"]
[Round "9"]
[White "Marek, Matyas"]
[Black "Samu, Pavel"]
[Result "1/2-1/2"]
[WhiteElo "1835"]
[BlackElo "1940"]
[PlyCount "105"]
[EventDate "2010.05.01"]
[EventType "swiss"]
[EventRounds "9"]
[EventCountry "CZE"]
[SourceTitle "EXT 2011"]
[Source "ChessBase"]
[SourceDate "2010.11.26"]
[SourceVersion "1"]
[SourceVersionDate "2010.11.26"]
[SourceQuality "1"]

1. e4 c5 2. Nf3 d6 3. d4 cxd4 4. Nxd4 Nf6 5. Nc3 g6 6. Be3 Bg7 7. f3 0-0 8. Bc4 Nc6 9. Qd2 Bd7 10. 0-0-0 Rc8 11. Bb3 Ne5 12. Kb1 Re8 13. Rdg1 Nc4 14. Bxc4 Rxc4 15. g4 Qa5 16. h4 Rec8 17. Nb3 Qc7 18. Bd4 Be6 19. h5 a5 20. a4 Rb4 21. Bxf6 Bxf6 22. Nd5 Bxd5 23. exd5 g5 24. h6 Qc4 25. Rg2 Rxa4 26. Re2 Qb4 27. Qxb4 Rxb4 28. Re4 Rxe4 29. fxe4 a4 30. Nd2 Bd4 31. Rh3 f6 32. c4 Rc5 33. b3 axb3 34. Rxb3 Rc7 35. Rd3 Be5 36. Ka2 Kf7 37. Kb3 Kg6 38. Rh3 Bd4 39. Nf3 Bc5 40. Kc3 b6 41. Nd4 Ra7 42. Rh2 Bxd4+ 43. Kxd4 Ra3 44. Rb2 Rg3 45. Rxb6 Rxg4 46. Ke3 Rh4 47. Rb7 Kf7 48. c5 Rh3+ 49. Ke2 dxc5 50. d6 Ke8 51. Rxe7+ Kd8 52. Rxh7 c4 53. Rc7 1/2-1/2

[Event "Ostrava op"]
[Site "Ostrava"]
[Date "2010.05.08"]
[Round "8"]
[White "Samu, Pavel"]
[Black "Kvicala, Miroslav"]
[Result "0-1"]
[WhiteElo "1940"]
[BlackElo "2045"]
[PlyCount "134"]
[EventDate "2010.05.01"]
[EventType "swiss"]
[EventRounds "9"]
[EventCountry "CZE"]
[SourceTitle "EXT 2011"]
[Source "ChessBase"]
[SourceDate "2010.11.26"]
[SourceVersion "1"]
[SourceVersionDate "2010.11.26"]
[SourceQuality "1"]

1. e4 d6 2. Nc3 g6 3. f4 Bg7 4. Bc4 e6 5. Nf3 Ne7 6. Bb3 Nd7 7. a3 b6 8. d3 Bb7 9. 0-0 Nc5 10. Ba2 Qd7 11. Qe1 0-0-0 12. d4 Na6 13. b4 h6 14. b5 Nb8 15. a4 Rhe8 16. Be3 Rf8 17. Kh1 d5 18. e5 Nf5 19. Bg1 h5 20. Bb3 Rh8 21. a5 h4 22. Bf2 h3 23. g4 Nh6 24. g5 Nf5 25. axb6 axb6 26. Qe2 Bf8 27. Ra4 c5 28. Rfa1 Qc7 29. Nd1 Nxd4 30. Nxd4 cxd4 31. Bxd4 Bc5 32. c3 Kd7 33. Nf2 Ke8 34. Qe3 Nd7 35. Rc1 Be7 36. Bd1 Nc5 37. Ra7 Ra8 38. Rxa8+ Bxa8 39. Nxh3 Qa7 40. Nf2 Qa2 41. Rc2 Qb1 42. Qc1 Qxb5 43. Be2 Qd7 44. Qb1 Qc7 45. Rb2 Bd8 46. Nd3 Na4 47. Ra2 Bc6 48. Nb4 Bd7 49. Na6 Qc8 50. Bb5 Nc5 51. Bxc5 bxc5 52. Bxd7+ Qxd7 53. Nb8 Qc7 54. Ra8 Kf8 55. Na6 Qa5 56. Rc8 Qxa6 57. Rxd8+ Kg7 58. Rxh8 Kxh8 59. Qb8+ Kg7 60. Kg2 Qe2+ 61. Kg3 Qe3+ 62. Kg4 Qg1+ 63. Kf3 Qxh2 64. Qd8 Qh3+ 65. Kf2 Qf5 66. Ke3 Qe4+ 67. Kd2 Qxf4+ 0-1

[Event "Ostrava SME op-B"]
[Site "Ostrava"]
[Date "2005.05.07"]
[Round "8"]
[White "Samu, Pavel"]
[Black "Blecha, Zdenek"]
[Result "1-0"]
[WhiteElo "1990"]
[BlackElo "1905"]
[PlyCount "35"]
[EventDate "2005.04.30"]
[EventType "swiss"]
[EventRounds "9"]
[EventCountry "CZE"]
[SourceTitle "EXT 2007"]
[Source "ChessBase"]
[SourceDate "2006.11.23"]
[SourceVersion "1"]
[SourceVersionDate "2006.11.23"]
[SourceQuality "1"]

1. e4 e5 2. f4 exf4 3. Nf3 d5 4. exd5 Qxd5 5. Nc3 Qe6+ 6. Be2 Nf6 7. 0-0 Be7 8. d4 c6 9. Ng5 Qd7 10. Bxf4 0-0 11. Be5 Ng4 12. Nxf7 Ne3 13. Qd2 Nxf1 14. Rxf1 b5 15. Bh5 c5 16. Qf4 Nc6 17. Nh6+ gxh6 18. Bf7+ 1-0

[Event "Ostrava SME op-B"]
[Site "Ostrava"]
[Date "2005.05.06"]
[Round "7"]
[White "Brazina, David"]
[Black "Samu, Pavel"]
[Result "0-1"]
[WhiteElo "1820"]
[BlackElo "1990"]
[PlyCount "110"]
[EventDate "2005.04.30"]
[EventType "swiss"]
[EventRounds "9"]
[EventCountry "CZE"]
[SourceTitle "EXT 2007"]
[Source "ChessBase"]
[SourceDate "2006.11.23"]
[SourceVersion "1"]
[SourceVersionDate "2006.11.23"]
[SourceQuality "1"]

1. e4 e5 2. Nf3 f5 3. Nxe5 Nc6 4. Nxc6 dxc6 5. e5 Bc5 6. Bd3 Be6 7. 0-0 Qh4 8. b4 Bd4 9. c3 Bb6 10. Qf3 Nh6 11. Qg3 Qxg3 12. hxg3 Ng4 13. Bc2 0-0-0 14. d4 Rxd4 15. cxd4 Bxd4 16. Nd2 Bxa1 17. Nf3 g6 18. Bd2 Bxe5 19. Nxe5 Nxe5 20. Bc3 Nf7 21. Bxh8 Nxh8 22. Re1 Kd7 23. a4 Nf7 24. f4 Nd6 25. Kf2 Bd5 26. Rh1 h5 27. Rb1 Be4 28. Rc1 b6 29. Bb3 Bd5 30. Bd1 Ne4+ 31. Ke3 c5 32. bxc5 Nxc5 33. a5 Kd6 34. axb6 axb6 35. Bf3 Ne4 36. Rd1 c5 37. Bxe4 fxe4 38. g4 hxg4 39. Rb1 Kc6 40. Rh1 Be6 41. Kxe4 Bf5+ 42. Ke3 b5 43. Kd2 b4 44. Kc1 Kd5 45. Kb2 Ke4 46. Rf1 c4 47. Rc1 c3+ 48. Kb3 Kxf4 49. Kxb4 c2 50. Kc3 Kg3 51. Kd2 Kxg2 52. Ke2 g3 53. Ke3 g5 54. Ke2 Bg4+ 55. Ke3 Bd1 0-1

[Event "Ostrava SME op-B"]
[Site "Ostrava"]
[Date "2005.05.03"]
[Round "4"]
[White "Samu, Pavel"]
[Black "Bembenek, Osvald"]
[Result "1-0"]
[WhiteElo "1990"]
[BlackElo "1800"]
[PlyCount "55"]
[EventDate "2005.04.30"]
[EventType "swiss"]
[EventRounds "9"]
[EventCountry "CZE"]
[SourceTitle "EXT 2007"]
[Source "ChessBase"]
[SourceDate "2006.11.23"]
[SourceVersion "1"]
[SourceVersionDate "2006.11.23"]
[SourceQuality "1"]

1. e4 Nf6 2. Nc3 d5 3. e5 Nfd7 4. Nxd5 Nxe5 5. Ne3 e6 6. b3 Nbc6 7. f4 Qd4 8. Rb1 Qxf4 9. Nh3 Qh4+ 10. g3 Qd8 11. Bg2 Be7 12. 0-0 0-0 13. Bb2 Ng6 14. Kh1 e5 15. d3 Be6 16. Qh5 Qd7 17. g4 Rab8 18. Be4 Nd4 19. c4 Nc2 20. Nf5 Bf6 21. Nh6+ Kh8 22. Rxf6 gxf6 23. Rf1 Ne3 24. Rxf6 Nxg4 25. Nxg4 Bxg4 26. Qh6 Bxh3 27. Bxe5 Kg8 28. Qg7+ 1-0

[Event "Ostrava op-B"]
[Site "Ostrava"]
[Date "2003.05.04"]
[Round "2"]
[White "Bok, Tomas"]
[Black "Samu, Pavel"]
[Result "0-1"]
[WhiteElo "1767"]
[BlackElo "2011"]
[PlyCount "36"]
[EventDate "2003.05.03"]
[EventType "swiss"]
[EventRounds "10"]
[EventCountry "CZE"]
[SourceTitle "EXT 2006"]
[Source "ChessBase"]
[SourceDate "2005.11.24"]
[SourceVersion "1"]
[SourceVersionDate "2005.11.24"]
[SourceQuality "1"]

1. a3 g6 2. Nf3 Bg7 3. g3 b5 4. Bg2 Bb7 5. c3 Nf6 6. d3 0-0 7. 0-0 c5 8. Ne1 Bxg2 9. Nxg2 d5 10. Nd2 Nc6 11. Nf3 e5 12. Bg5 h6 13. Bxf6 Bxf6 14. e4 d4 15. Nfe1 Qd7 16. f4 dxc3 17. fxe5 cxb2 18. exf6 Qd4+ 0-1